| 000 | 01534nam a2200397Ia 4500 | ||
|---|---|---|---|
| 001 | ebr10567010 | ||
| 003 | CaPaEBR | ||
| 006 | m u | ||
| 007 | cr cn||||||||| | ||
| 008 | 950614s1995 enk sb 001 0 eng d | ||
| 010 | _z 95068149 | ||
| 020 | _z9780803986947 | ||
| 020 | _z9781446266229 | ||
| 020 | _z0803986939 | ||
| 020 | _z0803986947 | ||
| 040 |
_aCaPaEBR _cCaPaEBR |
||
| 035 | _a(OCoLC)797835522 | ||
| 050 | 1 | 4 |
_aJV105 _b.U57 1995eb |
| 082 | 0 | 4 |
_a305.3 _220 |
| 245 | 0 | 0 |
_aUnsettling settler societies _h[electronic resource] : _barticulations of gender, race, ethnicity and class / _cDaiva Stasiulis, Nira Yuval-Davis, editors. |
| 260 |
_aLondon ; _aThousand Oaks, Calif. : _bSage, _c1995. |
||
| 300 | _ax, 335 p. | ||
| 490 | 1 |
_aSage series on race and ethnic relations ; _vv. 11 |
|
| 504 | _aIncludes bibliographical references and index. | ||
| 533 |
_aElectronic reproduction. _bPalo Alto, Calif. : _cebrary, _d2013. _nAvailable via World Wide Web. _nAccess may be limited to ebrary affiliated libraries. |
||
| 650 | 0 |
_aColonies _xHistory. |
|
| 650 | 0 |
_aSex role _xHistory. |
|
| 650 | 0 |
_aEthnic relations _xHistory. |
|
| 651 | 0 |
_aEurope _xColonies _xHistory. |
|
| 655 | 7 |
_aElectronic books. _2local |
|
| 700 | 1 | _aStasiulis, Daiva K. | |
| 700 | 1 | _aYuval-Davis, Nira. | |
| 710 | 2 | _aebrary, Inc. | |
| 830 | 0 |
_aSage series on race and ethnic relations ; _vv. 11. |
|
| 856 | 4 | 0 |
_uhttp://site.ebrary.com/lib/rucke/Doc?id=10567010 _zAn electronic book accessible through the World Wide Web; click to view |
| 999 |
_c93145 _d93145 |
||